书目信息 |
| 题名: |
兽血沸腾
|
|
| 作者: | 静官 著 | |
| 分册: | 第二卷 | |
| 出版信息: | 南宁 广西人民出版社 2006.05 |
|
| 页数: | 236页 | |
| 开本: | 23cm | |
| 丛书名: | ||
| 单 册: | ||
| 中图分类: | I247.5 | |
| 科图分类: | ||
| 主题词: | 长篇小说--中国--当代 | |
| 电子资源: | ||
| ISBN: | 7-219-05580-3 | |
| 000 | 00925nam0 2200217 450 | |
| 001 | 192004002320 | |
| 005 | 20070905154201.98 | |
| 010 | @a7-219-05580-3@dCNY22.00 | |
| 100 | @a20070601d2006 ekmy0chiy0121 ea | |
| 101 | 0 | @achi |
| 102 | @aCN@b450000 | |
| 105 | @ay z 000ay | |
| 200 | 1 | @a兽血沸腾@Ashou xue fei teng@h第二卷@f静官著 |
| 210 | @a南宁@c广西人民出版社@d2006.05 | |
| 215 | @a236页@d23cm | |
| 330 | @a本书是一本长篇小说:刘震撼和海伦的祭祀晋级试练,被安排在比蒙王国最凶险的南十字星森林中。为了家庭和属下的生存,刘震撼必须在晋级后获得封地,他别无选择。刘震撼发力屠龙,救出了东方王族僧侣,凯旋之后,在王子和神庙的刻意刁难下,他获得的封地是比蒙王国最为贫瘠和强盗横行的荒原。刘震撼雪山之行,凝玉和艾薇尔带着附庸族刚踏上荒原领地,熊地精乘虚而入,万分凶险之际,自有分晓。 | |
| 606 | 0 | @a长篇小说@y中国@z当代 |
| 690 | @aI247.5@v4 | |
| 701 | 0 | @a静官@Ajing guan@4著 |
| 801 | 0 | @aCN@c20070905 |
| 905 | @dI247.5@eJ910:2 | |
| 兽血沸腾.第二卷/静官著.-南宁:广西人民出版社,2006.05 |
| 236页;23cm |
| ISBN 7-219-05580-3:CNY22.00 |
| 本书是一本长篇小说:刘震撼和海伦的祭祀晋级试练,被安排在比蒙王国最凶险的南十字星森林中。为了家庭和属下的生存,刘震撼必须在晋级后获得封地,他别无选择。刘震撼发力屠龙,救出了东方王族僧侣,凯旋之后,在王子和神庙的刻意刁难下,他获得的封地是比蒙王国最为贫瘠和强盗横行的荒原。刘震撼雪山之行,凝玉和艾薇尔带着附庸族刚踏上荒原领地,熊地精乘虚而入,万分凶险之际,自有分晓。 |
| ● |
| 相关链接 |
|
|
|
正题名:兽血沸腾
索取号:I247.5/J910:2
 
预约/预借
| 序号 | 登录号 | 条形码 | 馆藏地/架位号 | 状态 | 备注 |
| 1 | 625007 | 206250073 | 文学库108/ [索取号:I247.5/J910:2] | 在馆 | |
| 2 | 625008 | 206250082 | 社科二线400B/400B社科库 11排1列6层/ [索取号:I247.5/J910:2] | 在馆 |